| 000 | 00620nac a22001811u 4500 | ||
|---|---|---|---|
| 020 | _a1590590848 | ||
| 082 |
_a005.72 _bM7412 |
||
| 090 |
_c769 _d769 |
||
| 100 | _aMonday, Paul B. | ||
| 245 |
_aWeb services patterns: _bJava edition / _cPaul B. Monday. |
||
| 260 |
_aNew York : _bApress, _c2003. |
||
| 300 |
_a332 p. : _bill. ; _c24 cm. |
||
| 500 | _aIncludes index. | ||
| 650 | _aWeb services. | ||
| 650 | _aJava (Computer program language) | ||
| 942 |
_cBB _k005.72M7412 |
||
| 999 |
_c769 _d769 |
||